Gaming Quiz

Random Gaming or Letter Quiz

Scrabble Tile Point Values Quiz Stats

 Plays Quiz Updated Jun 16, 2018

Challenge
Share
Tweet
Embed
Score 0/27 Timer 02:00
0 Plays Today
% Correct
1
87.5%
1
86.1%
1
82.9%
1
82.8%
1
82%
0
80.6%
1
78.3%
1
75.9%
10
74.6%
10
74.5%
1
67.8%
1
64.6%
1
57.2%
2
54.7%
% Correct
5
49.8%
8
49.7%
4
48.5%
3
48%
8
47.4%
4
44.9%
2
43.5%
3
43.2%
3
43%
3
41.7%
4
41.2%
4
40.3%
4
39.8%

You're not logged in!

Compare scores with friends on all Sporcle quizzes.
Join for Free
OR
Log In

You Might Also Like...

Show Comments

Extras

Top Quizzes Today


Score Distribution

Your Account Isn't Verified!

In order to create a playlist on Sporcle, you need to verify the email address you used during registration. Go to your Sporcle Settings to finish the process.

Report this User

Report this user for behavior that violates our Community Guidelines.

Details: